|
|
|
|
| LEADER |
00000nab a2200000 a 4500 |
| 001 |
vtls000499098 |
| 003 |
SK-MaSNL |
| 005 |
20260303223546.0 |
| 008 |
230313c1993 xo 0 slo |
| 015 |
|
|
|a SNBRB19rr/mm-uuuuu
|
| 035 |
|
|
|a CL0499236
|
| 035 |
|
|
|a urn:nbn:sk:snk-abbnwu
|
| 035 |
|
|
|a (urnnbn)urn:nbn:sk:snk:ar-0049jo
|
| 035 |
|
|
|a (uuid)ba510427-c316-4f18-8926-3b7dd1869801
|
| 040 |
|
|
|a SNKBUCL
|b slo
|c SNKBUCL
|e AACR2
|
| 041 |
0 |
|
|a slo
|
| 044 |
|
|
|a xo
|c SK
|
| 080 |
|
|
|a 886.7-3
|2 1981
|
| 100 |
1 |
|
|a Dilov, Ljuben,
|d 1927-2008
|4 aut
|9 176391
|
| 245 |
1 |
0 |
|a Spýtali sa ma ako sa robí sci-fi poviedka
|c Ljuben Dilov ; Prekl. Mária Košková
|
| 500 |
|
|
|a Meno aut. na dok. Ľuben Dilov
|
| 650 |
0 |
7 |
|a poviedky vedecko-fantastické
|2 snkbucl
|9 315525
|
| 655 |
|
7 |
|a články z novín a časopisov
|2 snkbucl
|9 267496
|
| 655 |
|
7 |
|a články z odboru literárna veda a krásna literatúra
|2 snkbucl
|9 770045
|
| 700 |
1 |
|
|a Košková, Mária,
|d 1952-
|4 trl
|9 114045
|
| 773 |
0 |
|
|t Revue svetovej literatúry
|g Roč. 29, č. 5 (1993), s. 158-165
|
| 850 |
|
|
|a Slovenská národná knižnica v Martine
|a MTA001
|
| 852 |
|
|
|a SNK
|b KIS3GCP
|
| 958 |
|
|
|a RK
|
| 958 |
|
|
|a LX
|
| 958 |
|
|
|a BG
|
| 958 |
|
|
|a OND
|
| 958 |
|
|
|a EUIPO
|
| 958 |
|
|
|a article15
|
| 999 |
|
|
|c 2248313
|d 2250243
|